[Event "DVM U14w 2020"]
[Site "Willingen GER"]
[Date "2021.06.26"]
[Round "5"]
[White "Halas, Neele Zoe"]
[Black "Hergenröder, Cora"]
[Result "1/2-1/2"]
[Termination "normal"]
[Board "6.2"]
[WhiteElo "1267"]
[BlackElo "1489"]
[WhiteClock "01:03:01"]
[BlackClock "00:32:50"]
[WhiteTeam "Schachgemeinschaft Leipzig"]
[BlackTeam "ATSV Oberkotzau"]
[PlyCount "49"]
[WhiteFideId "16287282"]
[BlackFideId "34603700"]
[EventCountry "GER"]
[EventRounds "7"]
[EventType "team-swiss"]
[EventDate "2021.06.23"]

1. e4 {[%clk 1:30:59]} d5 {[%clk 1:30:55]} 2. exd5 {[%clk 1:31:22]} Qxd5 {[%clk
1:31:22]} 3. Nc3 {[%clk 1:31:43]} Qd6 {[%clk 1:31:45]} 4. d4 {[%clk 1:32:07]}
Nf6 {[%clk 1:32:07]} 5. Nf3 {[%clk 1:32:15]} c6 {[%clk 1:31:51]} 6. Ne5 {[%clk
1:32:00]} Bf5 {[%clk 1:29:54]} 7. Bf4 {[%clk 1:31:16]} Qd8 {[%clk 1:27:34]} 8.
Bd3 {[%clk 1:29:50]} Bxd3 {[%clk 1:26:25]} 9. Qxd3 {[%clk 1:29:44]} Nbd7 {[%clk
1:23:55]} 10. O-O-O {[%clk 1:28:59]} e6 {[%clk 1:20:19]} 11. Bg5 {[%clk
1:25:24]} Be7 {[%clk 1:13:25]} 12. Nxd7 {[%clk 1:22:26]} Qxd7 {[%clk 1:11:33]}
13. Bxf6 {[%clk 1:21:50]} Bxf6 {[%clk 1:11:27]} 14. Ne4 {[%clk 1:22:02]} Qe7
{[%clk 1:08:22]} 15. Nxf6+ {[%clk 1:21:04]} Qxf6 {[%clk 1:08:36]} 16. Qe3
{[%clk 1:20:22]} Qf5 {[%clk 0:53:13]} 17. Qg3 {[%clk 1:12:45]} Qf6 {[%clk
0:50:56]} 18. c3 {[%clk 1:11:31]} h6 {[%clk 0:44:32]} 19. f3 {[%clk 1:10:37]}
Qg5+ {[%clk 0:43:35]} 20. Qxg5 {[%clk 1:10:39]} hxg5 {[%clk 0:44:00]} 21. h3
{[%clk 1:10:14]} O-O-O {[%clk 0:43:51]} 22. Rhe1 {[%clk 1:10:11]} Rd5 {[%clk
0:39:26]} 23. Re2 {[%clk 1:08:31]} Kd7 {[%clk 0:36:19]} 24. Rde1 {[%clk
1:07:35]} Rh4 {[%clk 0:32:50]} 25. Re4 {[%clk 1:03:01]} 1-0

[Event "DVM U14w 2020"]
[Site "Willingen GER"]
[Date "2021.06.26"]
[Round "5"]
[White "Leuchsenring, Delia"]
[Black "Bacakova, Klara"]
[Result "1-0"]
[Termination "normal"]
[Board "6.3"]
[WhiteElo "1051"]
[BlackElo "1173"]
[WhiteClock "00:56:47"]
[BlackClock "01:18:26"]
[WhiteTeam "ATSV Oberkotzau"]
[BlackTeam "Schachgemeinschaft Leipzig"]
[PlyCount "37"]
[WhiteFideId "34605304"]
[BlackFideId "34605762"]
[EventCountry "GER"]
[EventRounds "7"]
[EventType "team-swiss"]
[EventDate "2021.06.23"]

1. e4 {[%clk 1:30:56]} c5 {[%clk 1:30:53]} 2. c3 {[%clk 1:31:19]} e6 {[%clk
1:31:08]} 3. d4 {[%clk 1:31:07]} cxd4 {[%clk 1:31:25]} 4. cxd4 {[%clk 1:31:25]}
Nf6 {[%clk 1:31:34]} 5. Nc3 {[%clk 1:31:19]} Bb4 {[%clk 1:29:54]} 6. Bd3 {[%clk
1:29:38]} O-O {[%clk 1:29:26]} 7. Nf3 {[%clk 1:28:31]} Nc6 {[%clk 1:29:21]} 8.
O-O {[%clk 1:26:58]} d6 {[%clk 1:24:46]} 9. Re1 {[%clk 1:23:13]} d5 {[%clk
1:23:34]} 10. e5 {[%clk 1:20:30]} Nd7 {[%clk 1:23:35]} 11. Qc2 {[%clk 1:18:09]}
Qb6 {[%clk 1:23:10]} 12. Bxh7+ {[%clk 1:16:23]} Kh8 {[%clk 1:23:09]} 13. a3
{[%clk 1:12:23]} Be7 {[%clk 1:22:36]} 14. Ne2 {[%clk 1:08:41]} Qb5 {[%clk
1:21:34]} 15. Bd3 {[%clk 1:06:26]} Qa5 {[%clk 1:21:24]} 16. Be3 {[%clk
1:03:11]} f6 {[%clk 1:19:32]} 17. Nh4 {[%clk 0:57:32]} Kg8 {[%clk 1:18:50]} 18.
Bh7+ {[%clk 0:56:49]} Kf7 {[%clk 1:18:26]} 19. Qg6# {[%clk 0:56:47]} 1-0

[Event "DVM U14w 2020"]
[Site "Willingen GER"]
[Date "2021.06.26"]
[Round "5"]
[White "Amelang, Jamie Alice"]
[Black "Köppel, Clementine"]
[Result "0-1"]
[Termination "normal"]
[Board "6.4"]
[WhiteElo "919"]
[BlackElo "1244"]
[WhiteClock "01:20:45"]
[BlackClock "00:56:24"]
[WhiteTeam "Schachgemeinschaft Leipzig"]
[BlackTeam "ATSV Oberkotzau"]
[PlyCount "70"]
[WhiteFideId "34605754"]
[BlackFideId "34605819"]
[EventCountry "GER"]
[EventRounds "7"]
[EventType "team-swiss"]
[EventDate "2021.06.23"]

1. e4 {[%clk 1:20:57]} e5 {[%clk 1:30:57]} 2. Bc4 {[%clk 1:21:25]} Nf6 {[%clk
1:31:11]} 3. d3 {[%clk 1:21:52]} Nc6 {[%clk 1:31:10]} 4. Nf3 {[%clk 1:22:18]}
Bc5 {[%clk 1:30:51]} 5. O-O {[%clk 1:22:40]} O-O {[%clk 1:31:08]} 6. h3 {[%clk
1:22:51]} d6 {[%clk 1:30:59]} 7. c3 {[%clk 1:23:16]} Qe7 {[%clk 1:29:51]} 8. a4
{[%clk 1:23:42]} a5 {[%clk 1:29:22]} 9. Bd2 {[%clk 1:23:50]} Be6 {[%clk
1:29:11]} 10. b4 {[%clk 1:24:13]} axb4 {[%clk 1:26:55]} 11. cxb4 {[%clk
1:24:09]} Bxb4 {[%clk 1:26:29]} 12. Bxb4 {[%clk 1:24:23]} Nxb4 {[%clk 1:26:49]}
13. Nc3 {[%clk 1:24:21]} c6 {[%clk 1:24:10]} 14. Bxe6 {[%clk 1:24:37]} Qxe6
{[%clk 1:24:33]} 15. Ng5 {[%clk 1:24:53]} Qe7 {[%clk 1:23:24]} 16. Rb1 {[%clk
1:24:52]} d5 {[%clk 1:22:20]} 17. Re1 {[%clk 1:24:13]} d4 {[%clk 1:22:10]} 18.
Ne2 {[%clk 1:24:13]} c5 {[%clk 1:20:34]} 19. f4 {[%clk 1:24:00]} h6 {[%clk
1:20:07]} 20. Nf3 {[%clk 1:24:18]} exf4 {[%clk 1:15:06]} 21. Nxf4 {[%clk
1:24:28]} Rfe8 22. e5 {[%clk 1:24:44]} Nfd5 {[%clk 1:13:28]} 23. Nxd5 Nxd5 24.
Ra1 {[%clk 1:24:07]} Ne3 {[%clk 1:12:55]} 25. Qb3 {[%clk 1:23:55]} Qc7 {[%clk
1:04:06]} 26. Rec1 {[%clk 1:20:28]} Rec8 {[%clk 1:02:39]} 27. Qb5 {[%clk
1:19:31]} c4 {[%clk 1:01:05]} 28. dxc4 {[%clk 1:19:33]} Nxc4 {[%clk 1:01:15]}
29. Qd5 {[%clk 1:19:22]} Qc6 {[%clk 0:57:33]} 30. Qxc4 {[%clk 1:19:24]} Qxc4
{[%clk 0:57:49]} 31. Rxc4 {[%clk 1:19:51]} Rxc4 {[%clk 0:58:17]} 32. a5 {[%clk
1:20:06]} Kf8 {[%clk 0:57:22]} 33. Kf2 {[%clk 1:20:32]} Rc2+ {[%clk 0:56:20]}
34. Kg3 {[%clk 1:20:55]} d3 {[%clk 0:56:30]} 35. Rd1 {[%clk 1:20:45]} Rd8
{[%clk 0:56:24]} 0-1

[Event "DVM U14w 2020"]
[Site "Willingen GER"]
[Date "2021.06.26"]
[Round "5"]
[White "Moldovan, Tatiana"]
[Black "Adelmeyer, Nelly"]
[Result "1-0"]
[Termination "normal"]
[Board "7.1"]
[WhiteElo "1430"]
[BlackElo "1458"]
[WhiteClock "00:38:49"]
[BlackClock "00:01:22"]
[WhiteTeam "SG Königskinder Hohentübingen e.V."]
[BlackTeam "SV Roter Turm Halle"]
[PlyCount "87"]
[WhiteFideId "16287398"]
[BlackFideId "16203577"]
[EventCountry "GER"]
[EventRounds "7"]
[EventType "team-swiss"]
[EventDate "2021.06.23"]

1. e4 {[%clk 1:29:03]} c5 {[%clk 1:30:43]} 2. Nc3 {[%clk 1:24:32]} Nc6 {[%clk
1:30:55]} 3. Bb5 {[%clk 1:24:40]} g6 {[%clk 1:31:09]} 4. Bxc6 {[%clk 1:24:52]}
bxc6 {[%clk 1:31:16]} 5. f4 {[%clk 1:25:10]} Bg7 {[%clk 1:30:35]} 6. Nf3 {[%clk
1:25:12]} e6 {[%clk 1:29:48]} 7. e5 {[%clk 1:24:33]} Ne7 {[%clk 1:28:45]} 8.
O-O {[%clk 1:24:32]} Ba6 {[%clk 1:27:33]} 9. d3 {[%clk 1:24:38]} Nf5 {[%clk
1:22:23]} 10. Ne4 {[%clk 1:23:42]} Qb6 {[%clk 1:19:11]} 11. c4 {[%clk 1:21:36]}
O-O {[%clk 1:16:24]} 12. Re1 {[%clk 1:11:11]} f6 {[%clk 1:15:15]} 13. exf6
{[%clk 1:10:31]} Bxf6 {[%clk 1:15:32]} 14. Nxf6+ {[%clk 1:10:29]} Rxf6 {[%clk
1:15:46]} 15. b3 {[%clk 1:09:19]} Nd4 {[%clk 1:12:09]} 16. Ne5 {[%clk 1:07:12]}
Qc7 {[%clk 1:11:35]} 17. g3 {[%clk 1:01:49]} d6 {[%clk 1:00:12]} 18. Ng4 {[%clk
0:59:15]} Rff8 {[%clk 1:00:23]} 19. Bb2 {[%clk 0:58:30]} Rae8 {[%clk 0:56:56]}
20. Bxd4 {[%clk 0:58:29]} cxd4 {[%clk 0:57:12]} 21. Qc2 {[%clk 0:52:12]} c5
{[%clk 0:56:26]} 22. Nf2 {[%clk 0:51:45]} d5 {[%clk 0:43:05]} 23. cxd5 {[%clk
0:48:59]} exd5 {[%clk 0:43:23]} 24. Rxe8 {[%clk 0:48:51]} Rxe8 {[%clk 0:43:45]}
25. Rc1 {[%clk 0:49:11]} Rc8 {[%clk 0:36:37]} 26. Ng4 {[%clk 0:48:55]} Qe7
{[%clk 0:27:36]} 27. Ne5 {[%clk 0:48:57]} g5 {[%clk 0:27:22]} 28. Qg2 {[%clk
0:48:40]} Rd8 {[%clk 0:17:13]} 29. Qf3 {[%clk 0:45:53]} Bb7 {[%clk 0:05:45]}
30. Qh5 {[%clk 0:43:45]} gxf4 {[%clk 0:04:19]} 31. gxf4 {[%clk 0:44:04]} Qg7+
{[%clk 0:04:43]} 32. Kf2 {[%clk 0:44:01]} Rf8 {[%clk 0:03:25]} 33. Kf3 {[%clk
0:41:42]} c4 {[%clk 0:01:54]} 34. Rc2 {[%clk 0:39:43]} Kh8 {[%clk 0:00:33]} 35.
Rg2 {[%clk 0:39:40]} Qf6 {[%clk 0:00:35]} 36. Ng6+ {[%clk 0:39:27]} Kg7 {[%clk
0:00:57]} 37. Nxf8+ {[%clk 0:38:04]} Kxf8 {[%clk 0:01:22]} 38. Qxh7 {[%clk
0:37:57]} Qf7 {[%clk 0:01:14]} 39. Qh8+ {[%clk 0:37:47]} Ke7 {[%clk 0:01:01]}
40. Rg7 {[%clk 0:38:02]} c3 {[%clk 0:00:51]} 41. Rxf7+ {[%clk 0:38:02]} Kxf7
{[%clk 0:01:14]} 42. Qh7+ {[%clk 0:38:21]} Ke6 {[%clk 0:01:19]} 43. Qxb7 {[%clk
0:38:44]} Kd6 {[%clk 0:01:22]} 44. Ke2 {[%clk 0:38:49]} 1-0

[Event "DVM U14w 2020"]
[Site "Willingen GER"]
[Date "2021.06.26"]
[Round "5"]
[White "Lorenz, Anouk"]
[Black "Moldovan, Stela"]
[Result "1-0"]
[Termination "normal"]
[Board "7.2"]
[WhiteElo "1460"]
[BlackElo "1336"]
[WhiteClock "00:07:39"]
[BlackClock "01:01:33"]
[WhiteTeam "SV Roter Turm Halle"]
[BlackTeam "SG Königskinder Hohentübingen e.V."]
[PlyCount "131"]
[WhiteFideId "12990256"]
[BlackFideId "16287380"]
[EventCountry "GER"]
[EventRounds "7"]
[EventType "team-swiss"]
[EventDate "2021.06.23"]

1. e4 {[%clk 1:30:59]} c5 {[%clk 1:30:30]} 2. Nf3 {[%clk 1:31:25]} e6 {[%clk
1:30:44]} 3. d4 {[%clk 1:31:52]} cxd4 {[%clk 1:30:54]} 4. Nxd4 {[%clk 1:32:16]}
Nf6 {[%clk 1:31:12]} 5. Nc3 {[%clk 1:31:46]} Bb4 {[%clk 1:31:19]} 6. Bd3 {[%clk
1:31:34]} a6 {[%clk 1:31:31]} 7. a3 {[%clk 1:30:35]} Bxc3+ {[%clk 1:30:25]} 8.
bxc3 {[%clk 1:30:51]} Qc7 {[%clk 1:30:40]} 9. Bb2 {[%clk 1:29:32]} b6 {[%clk
1:29:37]} 10. O-O {[%clk 1:27:53]} Bb7 {[%clk 1:24:45]} 11. Qe2 {[%clk
1:24:58]} h5 {[%clk 1:24:07]} 12. h3 {[%clk 1:18:37]} g5 {[%clk 1:21:00]} 13.
c4 {[%clk 1:05:42]} Rh6 {[%clk 1:19:39]} 14. e5 {[%clk 1:03:04]} Nh7 {[%clk
1:09:59]} 15. h4 {[%clk 0:42:46]} Qd8 {[%clk 1:00:25]} 16. Bc1 {[%clk 0:32:53]}
Nc6 {[%clk 0:58:57]} 17. Nxc6 {[%clk 0:29:18]} Bxc6 {[%clk 0:59:09]} 18. Bxh7
{[%clk 0:25:36]} Rxh7 {[%clk 0:58:54]} 19. Bxg5 {[%clk 0:26:02]} Qc7 {[%clk
0:57:54]} 20. Qe3 {[%clk 0:17:13]} Qb7 {[%clk 0:54:26]} 21. g3 {[%clk 0:16:07]}
Bg2 {[%clk 0:54:12]} 22. Rfb1 {[%clk 0:14:44]} Rb8 {[%clk 0:52:14]} 23. c5
{[%clk 0:13:16]} b5 {[%clk 0:52:02]} 24. c4 {[%clk 0:12:27]} Bh3 {[%clk
0:47:42]} 25. f3 {[%clk 0:12:03]} Qc7 {[%clk 0:47:39]} 26. cxb5 {[%clk
0:07:38]} axb5 {[%clk 0:47:59]} 27. Qd4 {[%clk 0:07:17]} Bf5 {[%clk 0:42:26]}
28. Rb4 {[%clk 0:04:57]} Kf8 {[%clk 0:36:28]} 29. Qd6+ {[%clk 0:03:28]} Qxd6
{[%clk 0:36:56]} 30. cxd6 {[%clk 0:03:56]} Kg7 {[%clk 0:35:22]} 31. a4 {[%clk
0:03:41]} Bd3 {[%clk 0:35:34]} 32. a5 {[%clk 0:03:39]} Bc4 {[%clk 0:35:25]} 33.
a6 {[%clk 0:02:37]} Ra8 {[%clk 0:35:34]} 34. a7 {[%clk 0:02:31]} Kg6 {[%clk
0:35:48]} 35. Bf6 {[%clk 0:02:23]} Kf5 {[%clk 0:35:53]} 36. Kf2 {[%clk
0:02:26]} Rh6 {[%clk 0:36:12]} 37. g4+ {[%clk 0:01:18]} hxg4 {[%clk 0:36:25]}
38. fxg4+ {[%clk 0:01:43]} Kxg4 {[%clk 0:36:33]} 39. Rg1+ {[%clk 0:02:09]} Kf4
{[%clk 0:36:25]} 40. Bg5+ {[%clk 0:02:24]} Kxe5 {[%clk 0:36:44]} 41. Bxh6
{[%clk 0:02:28]} Rxa7 {[%clk 0:37:05]} 42. Rb2 {[%clk 0:25:15]} Kxd6 {[%clk
1:06:33]} 43. Rd2+ {[%clk 0:24:21]} Kc6 {[%clk 1:06:28]} 44. h5 {[%clk
0:24:03]} Bd5 {[%clk 1:06:06]} 45. Be3 {[%clk 0:22:04]} Ra8 {[%clk 1:05:58]}
46. h6 {[%clk 0:22:10]} Rh8 {[%clk 1:06:15]} 47. Rd4 {[%clk 0:20:44]} e5 {[%clk
1:05:48]} 48. Rh4 {[%clk 0:20:28]} f5 {[%clk 1:05:59]} 49. Rc1+ {[%clk
0:13:13]} Bc4 {[%clk 1:05:23]} 50. Bg5 {[%clk 0:12:00]} Rh7 {[%clk 1:03:25]}
51. Bf6 {[%clk 0:11:27]} Kd6 {[%clk 1:01:39]} 52. Bg7 {[%clk 0:11:08]} Ke6
{[%clk 1:01:26]} 53. Rh5 {[%clk 0:10:26]} Bd5 {[%clk 1:01:06]} 54. Rg5 {[%clk
0:09:11]} e4 {[%clk 1:00:06]} 55. Rc5 {[%clk 0:07:17]} b4 {[%clk 1:00:13]} 56.
Rg6+ {[%clk 0:07:04]} Kf7 {[%clk 0:59:21]} 57. Rf6+ {[%clk 0:07:24]} Ke7 {[%clk
0:59:28]} 58. Rxd5 {[%clk 0:07:35]} Rxh6 {[%clk 0:59:46]} 59. Rxh6 {[%clk
0:07:52]} f4 {[%clk 0:59:56]} 60. Re5+ {[%clk 0:07:22]} Kf7 {[%clk 1:00:15]}
61. Rxe4 {[%clk 0:06:19]} Kxg7 {[%clk 1:00:30]} 62. Rd6 {[%clk 0:06:45]} b3
{[%clk 1:00:45]} 63. Re7+ {[%clk 0:07:01]} Kf8 {[%clk 1:00:56]} 64. Rexd7
{[%clk 0:07:13]} b2 {[%clk 1:01:18]} 65. Rb6 {[%clk 0:07:22]} f3 {[%clk
1:01:33]} 66. Rb8# {[%clk 0:07:39]} 1-0

[Event "DVM U14w 2020"]
[Site "Willingen GER"]
[Date "2021.06.26"]
[Round "5"]
[White "Stasaitis, Paulina"]
[Black "Derling, Charlotte"]
[Result "1/2-1/2"]
[Termination "normal"]
[Board "7.3"]
[WhiteElo "1119"]
[BlackElo "1406"]
[WhiteClock "00:41:19"]
[BlackClock "00:17:14"]
[WhiteTeam "SG Königskinder Hohentübingen e.V."]
[BlackTeam "SV Roter Turm Halle"]
[PlyCount "97"]
[WhiteFideId "34606165"]
[BlackFideId "16222237"]
[EventCountry "GER"]
[EventRounds "7"]
[EventType "team-swiss"]
[EventDate "2021.06.23"]

1. d4 d5 2. Nf3 Nf6 3. e3 Bf5 4. Nbd2 e6 5. Bd3 Bg6 6. Bxg6 hxg6 7. Qe2 c5 8.
b3 Nc6 9. Bb2 Rc8 10. c4 Nb4 11. O-O Bd6 12. Ne5 Bxe5 13. dxe5 Nd7 14. a3 Nc6
15. cxd5 exd5 16. e6 Nde5 17. f4 fxe6 18. fxe5 Qg5 19. Qf2 Qf5 20. Rac1 b6 21.
Qg3 Qh5 22. Qf4 Qf5 23. Rc3 Qxf4 24. Rxf4 Nxe5 25. g3 Rg8 26. Kf2 Ke7 27. Ke2
g5 28. Rf1 Nc6 29. Rcc1 e5 30. Rf5 d4 31. exd4 cxd4 32. Nf3 Ke6 33. Rxg5 Kf6
34. Rf1 e4 35. Rg4 exf3+ 36. Rxf3+ Ke5 37. Kd3 Rcd8 38. Re4+ Kd6 39. Bxd4 Nxd4
40. Rxd4+ Ke6 41. Re3+ Kf6 42. Kc4 Rxd4+ 43. Kxd4 Rd8+ 44. Ke4 Kg5 45. h3 Rh8
46. h4+ Kg4 47. Kd3 Rd8+ 48. Ke2 Rd7 49. b4 {normal} 1/2-1/2

[Event "DVM U14w 2020"]
[Site "Willingen GER"]
[Date "2021.06.26"]
[Round "5"]
[White "Fiedler, Annabelle"]
[Black "Luzgina, Anastasija"]
[Result "0-1"]
[Termination "normal"]
[Board "7.4"]
[WhiteElo "860"]
[BlackElo "1096"]
[WhiteClock "00:32:44"]
[BlackClock "01:09:13"]
[WhiteTeam "SV Roter Turm Halle"]
[BlackTeam "SG Königskinder Hohentübingen e.V."]
[PlyCount "72"]
[WhiteFideId "34605835"]
[BlackFideId "24280860"]
[EventCountry "GER"]
[EventRounds "7"]
[EventType "team-swiss"]
[EventDate "2021.06.23"]

1. e4 c6 2. Nc3 {[%clk 1:30:45]} d5 {[%clk 1:30:51]} 3. Nf3 {[%clk 1:31:09]}
dxe4 {[%clk 1:31:09]} 4. Nxe4 {[%clk 1:31:26]} Nf6 {[%clk 1:31:30]} 5. Nfg5
{[%clk 1:29:00]} Nxe4 {[%clk 1:31:28]} 6. Nxe4 {[%clk 1:29:15]} Bf5 {[%clk
1:31:54]} 7. Ng3 {[%clk 1:29:30]} Bg6 {[%clk 1:32:00]} 8. h4 {[%clk 1:26:34]}
e6 {[%clk 1:31:05]} 9. h5 {[%clk 1:26:22]} Bf5 {[%clk 1:31:31]} 10. Qe2 {[%clk
1:26:03]} Be7 {[%clk 1:31:42]} 11. Qe5 {[%clk 1:24:34]} Bf6 {[%clk 1:31:34]}
12. Qe3 {[%clk 1:22:06]} O-O {[%clk 1:31:52]} 13. h6 {[%clk 1:20:27]} Bg5
{[%clk 1:31:22]} 14. Qe5 {[%clk 1:15:18]} Bxh6 {[%clk 1:31:25]} 15. Rxh6 {[%clk
1:15:04]} gxh6 {[%clk 1:31:07]} 16. d4 {[%clk 1:12:50]} Nd7 {[%clk 1:29:20]}
17. Qf4 {[%clk 1:12:52]} Qg5 {[%clk 1:28:49]} 18. Qf3 {[%clk 1:10:47]} Qg4
{[%clk 1:28:05]} 19. Qe3 {[%clk 1:08:00]} Bxc2 {[%clk 1:25:33]} 20. Be2 {[%clk
1:07:38]} Qg7 {[%clk 1:22:44]} 21. Nh5 {[%clk 1:07:25]} Qg6 {[%clk 1:20:26]}
22. Qh3 {[%clk 1:03:05]} Nf6 {[%clk 1:18:13]} 23. Nf4 {[%clk 1:00:48]} Qg7
{[%clk 1:16:37]} 24. Kd2 {[%clk 0:57:08]} Bf5 {[%clk 1:16:44]} 25. Qh4 {[%clk
0:54:41]} Ng4 {[%clk 1:13:46]} 26. f3 {[%clk 0:51:04]} Qxd4+ {[%clk 1:13:47]}
27. Nd3 {[%clk 0:47:36]} Qe3+ {[%clk 1:12:34]} 28. Ke1 {[%clk 0:47:33]} Qg1+
{[%clk 1:11:52]} 29. Kd2 {[%clk 0:47:22]} Ne3 {[%clk 1:08:55]} 30. Qf4 {[%clk
0:42:57]} Bxd3 {[%clk 1:08:41]} 31. Kxd3 {[%clk 0:42:50]} Rad8+ {[%clk
1:08:52]} 32. Ke4 {[%clk 0:41:13]} f5+ {[%clk 1:08:12]} 33. Qxf5 {[%clk
0:39:02]} exf5+ {[%clk 1:08:06]} 34. Kf4 {[%clk 0:37:39]} Nxg2+ {[%clk
1:08:25]} 35. Ke5 {[%clk 0:35:17]} Qd4+ {[%clk 1:08:44]} 36. Ke6 {[%clk
0:32:44]} Rde8# {[%clk 1:09:13]} 0-1

[Event "DVM U14w 2020"]
[Site "Willingen GER"]
[Date "2021.06.26"]
[Round "5"]
[White "Gerlach, Lorena"]
[Black "Roncea, Andrea-Alexandra"]
[Result "0-1"]
[Termination "normal"]
[Board "8.1"]
[WhiteElo "1040"]
[BlackElo "1619"]
[WhiteTeam "SchachAkademiePaderborn e. V."]
[BlackTeam "SC Papenburg"]
[PlyCount "76"]
[WhiteFideId "34605738"]
[BlackFideId "16233115"]
[EventCountry "GER"]
[EventRounds "7"]
[EventType "team-swiss"]
[EventDate "2021.06.23"]

{[%evp 0,76,24,17,17,15,28,-9,5,10,11,8,-2,8,41,6,7,-20,42,-49,19,-95,16,-103,
-104,-70,-55,-93,-62,-62,-62,-67,-52,-33,-24,-42,-88,-102,-120,-122,-126,-123,
-146,-389,-393,-435,-429,-422,-448,-449,-443,-460,-387,-411,-407,-591,-616,
-793,-803,-804,-752,-834,-819,-876,-940,-958,-1204,-1232,-1387,-1399,-1417,
-29997,-1100,-29997,-29996,-29997,-29998,-29999,-30000] normal} 1. Nf3 d5 2. d4
Nf6 3. g3 e6 4. Bg2 Be7 5. O-O O-O 6. c4 b6 7. Nc3 Bb7 8. Bd2 Na6 9. Re1 c5 10.
e3 Rc8 11. b3 dxc4 12. bxc4 cxd4 13. exd4 Rxc4 14. Nb5 Bxf3 15. Bxf3 Qd7 16.
Qb3 Rcc8 17. a3 Nb8 18. Be3 Nc6 19. Red1 Na5 20. Qd3 Nc4 21. Rdb1 a6 22. Nc3
Ne5 23. Qe2 Nxf3+ 24. Qxf3 Rxc3 25. Rxb6 Qd5 26. Qxd5 Nxd5 27. Bd2 Rc2 28. Rxa6
Rxd2 29. a4 Rxd4 30. Kf1 Rc8 31. Ke2 g6 32. a5 Rc2+ 33. Kf3 Rdd2 34. Rf1 Rd3+
35. Kg4 Ra3 36. Rb1 Rc4+ 37. f4 h5+ 38. Kh3 Nxf4# 0-1

[Event "DVM U14w 2020"]
[Site "Willingen GER"]
[Date "2021.06.26"]
[Round "5"]
[White "Zöllner, Bente"]
[Black "Henzel, Leonie"]
[Result "1-0"]
[Termination "normal"]
[Board "8.2"]
[WhiteElo "1614"]
[BlackElo "1020"]
[WhiteTeam "SC Papenburg"]
[BlackTeam "SchachAkademiePaderborn e. V."]
[PlyCount "73"]
[WhiteFideId "16230523"]
[BlackFideId "34605720"]
[EventCountry "GER"]
[EventRounds "7"]
[EventType "team-swiss"]
[EventDate "2021.06.23"]

{[%evp 0,73,24,24,24,-16,-4,-17,42,37,51,48,57,46,55,55,55,-2,77,60,61,79,117,
6,6,73,97,108,106,103,112,123,136,143,165,117,155,174,174,184,208,229,217,210,
210,219,424,438,438,402,914,1121,1662,1319,1319,1396,1978,2420,2583,2833,2809,
3251,29989,2797,29989,29992,29997,29994,29995,29996,29997,29996,29997,29998,
29999,-30000] normal} 1. d4 e6 2. c4 d5 3. Nf3 c5 4. Nc3 Nf6 5. Bg5 Be7 6. dxc5
O-O 7. cxd5 exd5 8. b4 a6 9. e3 Nc6 10. a3 Ne4 11. Nxe4 dxe4 12. Qxd8 Rxd8 13.
Bxe7 Nxe7 14. Nd4 h6 15. Bc4 Nf5 16. Rd1 Nxd4 17. exd4 Re8 18. O-O Bg4 19. Rd2
Rac8 20. d5 e3 21. fxe3 Rxe3 22. d6 Rd8 23. Rxf7 Kh8 24. Re7 Rf8 25. Rxe3 Rf4
26. Re8+ Kh7 27. Bd3+ Bf5 28. Bxf5+ Rxf5 29. d7 Kg6 30. d8=Q Rf6 31. Rd6 Rxd6
32. Qxd6+ Kf5 33. Qe5+ Kg6 34. Re6+ Kh7 35. Qf5+ g6 36. Qxg6+ Kh8 37. Re8# 1-0

[Event "DVM U14w 2020"]
[Site "Willingen GER"]
[Date "2021.06.26"]
[Round "5"]
[White "Khoja, Maya"]
[Black "Kube, Maja"]
[Result "0-1"]
[Termination "normal"]
[Board "8.3"]
[WhiteElo "828"]
[BlackElo "979"]
[WhiteTeam "SchachAkademiePaderborn e. V."]
[BlackTeam "SC Papenburg"]
[PlyCount "58"]
[WhiteFideId "34606157"]
[BlackFideId "16298268"]
[EventCountry "GER"]
[EventRounds "7"]
[EventType "team-swiss"]
[EventDate "2021.06.23"]

{[%evp 0,58,24,24,28,15,13,-23,-12,-4,20,-6,12,-23,82,12,72,7,12,-42,-19,-5,
-16,-60,53,43,94,-130,147,161,160,55,183,-23,125,0,-128,-19,395,397,703,702,
702,417,503,268,445,0,480,-768,-915,-915,-915,-915,-638,-29991,-29992,-29997,
-29998,-29999,-30000] normal} 1. d4 d5 2. Nf3 Bf5 3. g3 e6 4. Bg2 Bd6 5. O-O
Nc6 6. c4 b6 7. Qa4 Nge7 8. Bg5 f6 9. Bf4 O-O 10. Bxd6 Qxd6 11. e3 e5 12. dxe5
fxe5 13. Nh4 e4 14. Nxf5 Nxf5 15. Rd1 Qc5 16. b3 Nxe3 17. fxe3 Qxe3+ 18. Kh1
Qe2 19. Nc3 Qe3 20. Nxd5 Qh6 21. Nxc7 Rad8 22. Re1 Rd4 23. Bxe4 Rf2 24. Bd5+
Rxd5 25. Re8+ Kf7 26. h4 Rdd2 27. Kg1 Rg2+ 28. Kf1 Qf6+ 29. Ke1 Qf2# 0-1

[Event "DVM U14w 2020"]
[Site "Willingen GER"]
[Date "2021.06.26"]
[Round "5"]
[White "Kanno, Clara Yumi"]
[Black "Rotärmel, Leonie"]
[Result "1/2-1/2"]
[Termination "normal"]
[Board "9.1"]
[WhiteElo "1093"]
[BlackElo "1417"]
[WhiteTeam "Schachfreunde Essen-Werden"]
[BlackTeam "SV Oberursel"]
[PlyCount "69"]
[WhiteFideId "16259661"]
[BlackFideId "16281390"]
[EventCountry "GER"]
[EventRounds "7"]
[EventType "team-swiss"]
[EventDate "2021.06.23"]

{[%evp 0,69,24,17,37,23,21,23,13,13,4,4,13,1,41,11,19,-1,24,5,0,-3,-4,8,103,70,
72,21,8,5,11,13,7,11,9,5,22,-11,2,1,10,21,23,16,15,-67,-6,-11,-15,-22,-2,-47,0,
1,-2,1,-1,-16,-25,-14,-14,-30,-31,-41,-23,-44,-16,-69,-86,-55,-65,-65] normal}
1. e4 e6 2. d4 d5 3. e5 c5 4. c3 Nc6 5. Nf3 Qb6 6. a3 c4 7. Be2 Bd7 8. O-O Nge7
9. Re1 h6 10. Nbd2 Na5 11. Rb1 Nb3 12. Nxb3 Ba4 13. Qd2 Bxb3 14. Bd1 Nf5 15.
Bxb3 Qxb3 16. Qd1 Qxd1 17. Rxd1 b5 18. b3 Be7 19. bxc4 bxc4 20. Rb7 O-O 21. g4
Nh4 22. Ne1 Bd8 23. Bd2 Bb6 24. Rb1 Rab8 25. Rd7 Rfd8 26. Rxd8+ Rxd8 27. a4 Rb8
28. Bc1 Bc7 29. Rxb8+ Bxb8 30. Ba3 Bc7 31. Bb4 a5 32. Bc5 Ng6 33. Nc2 Nf4 34.
Kf1 Nd3 35. Ba3 1/2-1/2